Vitamin P [letter to the Editor] /

Elmentve itt :
Bibliográfiai részletek
Szerzők: Bentsáth Aladár
Rusznyák István
Szent-Györgyi Albert
Dokumentumtípus: Cikk
Megjelent: Macmillan and Company London 1937-02-20
Sorozat:Nature : a weekly journal of science 139
Kulcsszavak:P-vitamin
Online Access:http://misc.bibl.u-szeged.hu/73754
LEADER 00752nab a2200205 i 4500
001 misc73754
005 20241018150956.0
008 240130s1937 hu o 000 eng d
040 |a SZTE Miscellanea Repozitórium  |b hun 
041 |a eng 
100 1 |a Bentsáth Aladár 
245 1 0 |a Vitamin P   |h [elektronikus dokumentum] :  |b [letter to the Editor] /  |c  Bentsáth Aladár 
260 |a Macmillan and Company  |b London  |c 1937-02-20 
300 |a 326-327 
490 0 |a Nature : a weekly journal of science  |v 139 
561 |a Szent-Györgyi Albert tudományos és egyéb írásai 
695 |a P-vitamin 
700 0 1 |a Rusznyák István  |e aut 
700 0 2 |a Szent-Györgyi Albert  |e aut 
856 4 0 |u http://misc.bibl.u-szeged.hu/73754/1/szgya_magyar_107.pdf  |z Dokumentum-elérés